[Event "HCL-A040"]
[Site "www.playchess.de"]
[Date "2001.01.27"]
[Round "2"]
[White "TECNOPANCHO"]
[Black "damage_kase"]
[WhiteElo "1617"]
[BlackElo "1333"]
[PlyCount "53"]
[Result "1-0"]

1.e4 e6 2.d4 d5 3.Nc3 dxe4 4.Nxe4 Be7 5.Nf3 Nf6 
6.Bd3 O-O 7.O-O Nxe4 8.Bxe4 Bf6 9.Ne5 Nd7 10.f4 g6 
11.Bd2 Nxe5 12.dxe5 Bg7 13.Bb4 Re8 14.Qf3 c6 
15.Qf2 Bd7 16.Rad1 Qc7 17.Rd3 a5 18.Bc5 Ra6 
19.Rfd1 Bc8 20.Qh4 h5 21.R3d8 Rxd8 22.Qxd8+ Qxd8 
23.Rxd8+ Kh7 24.Rxc8 f6 25.Rc7 Kh6 26.exf6 
{WELLCOME BACK}  Bxf6 {HI,I'll try to fight on a 
little longer,I hope!}  27.Bf8+ {It's OK fight 
until the end. And when will finisched I hope find 
you again.}  1-0

[Event "HCL-A040"]
[Site "www.playchess.de"]
[Date "2001.01.27"]
[Round "16"]
[White "Fred"]
[Black "damage_kase"]
[WhiteElo "1762"]
[BlackElo "1333"]
[PlyCount "30"]
[Result "0-1"]

1.e4 c5 2.Nf3 d6 3.d4 cxd4 4.Nxd4 Nc6 5.Nc3 Nf6 
6.Bg5 e5 7.Ndb5 Be7 8.Bxf6 Bxf6 9.Nxd6+ Kf8 10.Bc4 
Be6 11.Bxe6 fxe6 12.Nxb7 Qb6 13.Nd6 Rd8 14.Qd2 Nd4 
15.Nc4 Qa6 0-1

[Event "HCL-A040"]
[Site "www.playchess.de"]
[Date "2001.01.27"]
[Round "17"]
[White "mrchess"]
[Black "Fred"]
[WhiteElo "1517"]
[BlackElo "1762"]
[PlyCount "25"]
[Result "1-0"]

1.d4 d5 2.c4 c6 3.cxd5 cxd5 4.Bf4 Nc6 5.Nf3 Nf6 
6.e3 Bg4 7.Nc3 e6 8.Be2 Bxf3 9.Bxf3 Bd6 10.Be5 
Nxe5 11.dxe5 Bxe5 12.Qb3 Qc7 13.g3 1-0

[Event "HCL-A045"]
[Site "www.playchess.de"]
[Date "2001.01.27"]
[Round "8"]
[White "Polo"]
[Black "DKCozy"]
[WhiteElo "1207"]
[BlackElo "1772"]
[PlyCount "34"]
[Result "0-1"]

1.e4 b6 2.Bc4 Bb7 3.Nc3 e6 4.d3 Ne7 5.Nf3 Ng6 
6.Be3 Be7 7.Qd2 O-O 8.h4 d5 9.exd5 exd5 10.Bb3 c5 
11.d4 c4 12.Ba4 a6 13.a3 b5 14.Bxb5 axb5 15.Nxb5 
Bf6 16.g3 Qd7 17.Nc3 Nc6 0-1

[Event "HCL-B058"]
[Site "www.playchess.de"]
[Date "2001.01.27"]
[Round "15"]
[White "Pelikan"]
[Black "Yogibear"]
[WhiteElo "1221"]
[BlackElo "1500"]
[PlyCount "74"]
[Result "0-1"]

1.e4 c6 2.d4 d5 3.Nd2 dxe4 4.Nxe4 Nd7 5.Qe2 e6 
6.Nf3 Ngf6 7.Bg5 h6 8.Bd2 Nxe4 9.Qxe4 Nf6 10.Qe2 
Be7 11.O-O-O O-O 12.Ne5 Qxd4 13.g3 Bc5 14.Nd3 Bb6 
15.Bg2 Rd8 16.Bc3 Qg4 17.Bf3 Qc4 18.Kb1 Nd5 19.Bd2 
f6 20.Bg4 e5 21.Bxc8 Rdxc8 22.Qf3 e4 23.Qg4 f5 
24.Ne5 Qxc2+ 25.Kxc2 fxg4 26.Nxg4 Rcf8 27.Rhf1 h5 
28.Ne3 Rf3 29.Nxd5 cxd5 30.Bc3 Rd8 31.Bd4 Bxd4 
32.Rxd4 Kf7 33.Kd2 Ke6 34.Ke2 Rdf8 35.Rb4 b6 
36.Ra4 R8f7 37.h4 Ke5 0-1

[Event "HCL-B083"]
[Site "www.playchess.de"]
[Date "2001.01.27"]
[Round "17"]
[White "Chessamateur"]
[Black "Arn"]
[WhiteElo "1412"]
[BlackElo "1429"]
[PlyCount "63"]
[Result "1-0"]

1.d4 d5 2.Nf3 Bf5 3.c4 Nf6 4.e3 e6 5.Qb3 Nc6 
6.Nbd2 Bd6 7.c5 Be7 8.Qxb7 Na5 9.Qb5+ c6 10.Qa4 
Rb8 11.b4 Nb7 12.Qxc6+ Qd7 13.Qxd7+ Nxd7 14.c6 Nf6 
15.cxb7 Rxb7 16.a3 O-O 17.Ne5 Rc8 18.Nb3 Rc3 
19.Nc5 Bxc5 20.dxc5 Ng4 21.Nxg4 Rd7 22.Ne5 Rc7 
23.Bd2 Rb3 24.Nf3 a5 25.Nd4 Rb2 26.Bc3 Rc2 27.Nxc2 
Bxc2 28.Kd2 Ba4 29.Bd3 Rd7 30.bxa5 Rc7 31.Bd4 f6 
32.a6 1-0

[Event "HCL-B101"]
[Site "www.playchess.de"]
[Date "2001.01.27"]
[Round "3"]
[White "jack-up"]
[Black "lostpawn2000"]
[WhiteElo "1424"]
[BlackElo "1704"]
[PlyCount "61"]
[Result "1-0"]

1.e4 c6 2.d4 d5 3.e5 Bf5 4.Nf3 e6 5.Bd3 Ne7 6.Bg5 
Qc7 7.Qe2 Nd7 8.b4 Bxd3 9.Qxd3 f6 10.exf6 gxf6 
11.Bd2 e5 12.dxe5 fxe5 13.Ng5 h6 14.Qh3 Rg8 15.Ne6 
Qd6 16.Nxf8 Nxf8 17.O-O Nd7 18.Na3 O-O-O 19.b5 Kb8 
20.Rab1 c5 21.Rfe1 c4 22.f4 e4 23.Qh4 Nf5 24.Qh3 
Ng7 25.f5 Kc8 26.b6 Nxb6 27.Nb5 Qc5+ 28.Be3 Qe7 
29.Nxa7+ Kb8 30.Bxb6 Rd7 31.Nc6+ 1-0

[Event "HCL-B118"]
[Site "www.playchess.de"]
[Date "2001.01.27"]
[Round "28"]
[White "Keen"]
[Black "class58"]
[WhiteElo "1400"]
[BlackElo "1200"]
[PlyCount "52"]
[Result "0-1"]

1.e4 e5 2.Nf3 d6 3.d4 Nc6 4.Bb5 Bd7 5.dxe5 dxe5 
6.O-O Nf6 7.Bxc6 Bxc6 8.Qxd8+ Rxd8 9.Nxe5 Bxe4 
10.Re1 Bd6 11.Nc4 Be7 12.Bg5 Bxc2 13.Bxf6 gxf6 
14.Nba3 Bd3 15.Na5 Ba6 16.b4 c6 17.N5c4 Kf8 
18.Rab1 Rd4 19.Ne3 Bxb4 20.Red1 Rxd1+ 21.Rxd1 Kg7 
22.Nac2 Bc5 23.Rd7 Re8 24.h4 Re4 25.h5 Kf8 26.Nf5 
Bxf2+ 0-1

[Event "HCL-B123"]
[Site "www.playchess.de"]
[Date "2001.01.27"]
[Round "5"]
[White "pird"]
[Black "JAZZOW"]
[WhiteElo "1486"]
[BlackElo "1200"]
[PlyCount "39"]
[Result "1/2-1/2"]

1.e4 c5 2.d4 cxd4 3.c3 dxc3 4.Nxc3 e6 5.Nf3 a6 
6.Bc4 Nc6 7.O-O b5 8.Bb3 Qc7 9.Qe2 Na5 10.Bg5 Nxb3 
11.axb3 d6 12.Rac1 Qb8 13.Rfd1 Be7 14.Bxe7 Nxe7 
15.Qd3 Bb7 16.Qxd6 Qxd6 17.Rxd6 Nc6 18.h3 O-O 
{What is your real name ? Mine is Gerold Graf and 
I´m from Vienna !}  19.Ne2 {My name is Jimmy Van 
Hoorebeke and I'm from Ghent}  Rac8 
20.Rd7 1/2-1/2

[Event "HCL-B124"]
[Site "www.playchess.de"]
[Date "2001.01.27"]
[Round "15"]
[White "El_Sucio"]
[Black "Salo"]
[WhiteElo "1500"]
[BlackElo "1500"]
[PlyCount "30"]
[Result "0-1"]

1.d4 Nf6 2.c4 e6 3.Nf3 d5 4.Nc3 c6 5.Bg5 dxc4 6.e4 
b5 7.e5 h6 8.Bh4 g5 9.Nxg5 hxg5 10.Bxg5 Nbd7 11.g3 
Bb7 12.Bg2 Rg8 13.Bxf6 Nxf6 14.exf6 Qc7 15.Qf3 
O-O-O 0-1

[Event "HCL-B128"]
[Site "www.playchess.de"]
[Date "2001.01.27"]
[Round "3"]
[White "Yogibear"]
[Black "darweyg"]
[WhiteElo "1866"]
[BlackElo "991"]
[PlyCount "43"]
[Result "1-0"]

1.c4 e5 2.g3 Nc6 3.Nc3 d6 4.Bg2 Nf6 5.Nf3 h6 6.d4 
Nxd4 7.Nxd4 exd4 8.Qxd4 Ng4 9.O-O c6 10.Bf4 Be7 
11.Ne4 O-O 12.Rfd1 c5 13.Qc3 Bf5 14.Nxd6 Bf6 
15.Qb3 Qb6 16.Nxf5 Qxb3 17.axb3 Bxb2 18.Ra2 Bc3 
19.Bd6 Rfd8 20.h3 Nf6 21.Rd3 Bb4 
22.Bxb7 1-0

[Event "HCL-B129"]
[Site "www.playchess.de"]
[Date "2001.01.27"]
[Round "13"]
[White "Yogibear"]
[Black "darweyg"]
[WhiteElo "1825"]
[BlackElo "991"]
[PlyCount "47"]
[Result "1-0"]

1.c4 Nc6 2.d4 e5 3.d5 Nd4 4.e3 Nf5 5.Nf3 f6 6.Bd3 
d6 7.e4 Nfh6 8.O-O Bd7 9.Nc3 a6 10.Bd2 Ne7 11.Bxh6 
gxh6 12.Nh4 Bg7 13.Qh5+ Kf8 14.b4 Be8 15.Qf3 Ng6 
16.Nf5 Nf4 17.Bc2 a5 18.a3 c6 19.dxc6 Bxc6 20.Rad1 
axb4 21.axb4 Ra3 22.Rxd6 Rxc3 23.Rxd8+ Be8 
24.Qd1 1-0

[Event "HCL-B130"]
[Site "www.playchess.de"]
[Date "2001.01.27"]
[Round "9"]
[White "player27"]
[Black "waz2000"]
[WhiteElo "1567"]
[BlackElo "1500"]
[PlyCount "46"]
[Result "0-1"]

1.e4 d5 2.exd5 Qxd5 3.Nc3 Qd6 4.d4 Nf6 5.Nf3 Be6 
6.h3 Nc6 7.Nb5 Qd7 8.Ne5 Nxe5 9.dxe5 Nd5 10.Qf3 
Nb4 11.Qc3 Nd5 12.Qd3 c6 13.Nc3 Bf5 14.Ne4 Rd8 
15.Bd2 Qe6 16.O-O-O Nb4 17.Qxd8+ Kxd8 18.Bxb4+ Kc7 
19.Ng3 Qxe5 20.Nxf5 Qxf5 21.f3 e6 22.Bxf8 Qg5+ 
23.Kb1 Rxf8 0-1

[Event "HCL-C129"]
[Site "www.playchess.de"]
[Date "2001.01.27"]
[Round "18"]
[White "Smiley"]
[Black "Nutz"]
[WhiteElo "863"]
[BlackElo "999"]
[PlyCount "20"]
[Result "0-1"]

1.e4 e5 2.Nf3 Nc6 3.Bb5 a6 4.Bxc6 dxc6 5.O-O Nf6 
6.Qe2 Bc5 7.Nxe5 Qe7 8.Nc4 Nxe4 9.d3 Nf6 10.Ne5 
Bd6 0-1

[Event "HCL-E014"]
[Site "www.playchess.de"]
[Date "2001.01.27"]
[Round "2"]
[White "Alexdan"]
[Black "JeanNie"]
[WhiteElo "2000"]
[BlackElo "2000"]
[PlyCount "31"]
[Result "1-0"]

1.d4 Nf6 2.c4 e6 3.Nc3 Bb4 4.Qc2 O-O 5.Bg5 d5 6.e3 
Nbd7 7.Nf3 b6 8.cxd5 exd5 9.Bd3 h6 10.Bh4 Re8 
11.O-O Bb7 12.Rac1 c5 13.Nb5 c4 14.Bh7+ Kh8 15.Bf5 
a6 16.Nc3 1-0

[Event "HCL-E014"]
[Site "www.playchess.de"]
[Date "2001.01.27"]
[Round "7"]
[White "Goofy"]
[Black "JeanNie"]
[WhiteElo "2122"]
[BlackElo "2000"]
[PlyCount "25"]
[Result "1-0"]

1.d4 Nf6 2.c4 e6 3.Nc3 Bb4 4.e3 d5 5.Nf3 O-O 6.Bd3 
b6 7.O-O Bb7 8.cxd5 exd5 9.Ne5 Nbd7 10.f4 c5 11.a3 
Bxc3 12.bxc3 Rc8 13.a4 1-0

[Event "ACL-A053"]
[Site "www.playchess.de"]
[Date "2001.01.27"]
[Round "4"]
[White "hun"]
[Black "traga"]
[WhiteElo "1605"]
[BlackElo "1900"]
[PlyCount "60"]
[Result "0-1"]

1.e4 e5 2.Nc3 Nc6 3.Nf3 Nf6 4.Bc4 Bb4 5.Nd5 Ba5 
6.Nxf6+ Qxf6 7.O-O O-O 8.c3 d6 9.d4 exd4 10.cxd4 
Bg4 11.Be3 Bb6 12.d5 Ne5 13.Be2 Bxf3 14.gxf3 Bxe3 
15.fxe3 Qg5+ 16.Kf2 Qh4+ 17.Kg1 Qg5+ 18.Kf2 Qh6 
19.Rh1 f5 20.exf5 Qh4+ 21.Kg1 Rxf5 22.f4 g5 23.Qc2 
Raf8 24.Qxc7 R5xf4 25.exf4 Qxf4 26.Qxh7+ Kxh7 
27.Rf1 Qe3+ 28.Kg2 Qxe2+ 29.Rf2 Rxf2+ 30.Kg3 
Rf3+ 0-1

[Event "ACL-A078"]
[Site "www.playchess.de"]
[Date "2001.01.27"]
[Round "5"]
[White "peze3"]
[Black "Buziness"]
[WhiteElo "1950"]
[BlackElo "1500"]
[PlyCount "35"]
[Result "1-0"]

1.c4 d5 2.d4 dxc4 3.Nf3 e6 4.e3 Bb4+ 5.Bd2 a5 
6.Bxb4 axb4 7.Bxc4 Nc6 8.Nbd2 b6 9.O-O Ba6 10.Qa4 
b5 11.Bxb5 Bxb5 12.Qxb5 Nge7 13.Rfc1 Rb8 14.Qh5 g6 
15.Qh6 Qd5 16.Rc5 Qd6 17.Ne4 Qd8 
18.Nf6+ 1-0

[Event "ACL-E006"]
[Site "www.playchess.de"]
[Date "2001.01.27"]
[Round "3"]
[White "peze"]
[Black "Gruhni"]
[WhiteElo "1889"]
[BlackElo "1406"]
[PlyCount "35"]
[Result "1-0"]

1.e4 e5 2.Nf3 Nc6 3.Bb5 d6 4.d4 Bd7 5.Nc3 a6 
6.Bxc6 Bxc6 7.dxe5 dxe5 8.Qxd8+ Rxd8 9.Nxe5 Bb4 
10.Nxc6 Bxc3+ 11.bxc3 bxc6 12.Rb1 Nf6 13.Bg5 h6 
14.Bxf6 gxf6 15.Ke2 Ke7 16.Rb7 Rd7 17.Ra7 Rhd8 
18.Kf3 1-0

[Event "HCL-A052"]
[Site "www.playchess.de"]
[Date "2001.01.28"]
[Round "7"]
[White "Mathemagician"]
[Black "paule"]
[WhiteElo "1551"]
[BlackElo "1819"]
[PlyCount "39"]
[Result "1/2-1/2"]

1.e4 e6 2.d4 d5 3.Nc3 Bb4 4.e5 c5 5.a3 Ba5 6.b4 
cxd4 7.Qg4 Ne7 8.bxa5 dxc3 9.Qxg7 Rg8 10.Qxh7 Nbc6 
11.f4 Qxa5 12.Nf3 Bd7 13.Rb1 O-O-O 14.Qd3 Nf5 
15.Rg1 d4 16.g4 Nh6 17.h3 Qd5 18.Bg2 {And now we 
return to this wild game.}  Kb8 {Game really wild. 
I am afraid, that the hard protection is necessary 
me.}  19.Qa6 {Well, I got smarter. I followed a 
game Anand-Khalifman that was 1-0 until you 
varied. :)}  Bc8 {Chess puzzle...Very sharp game.} 
 20.Qd3 1/2-1/2

[Event "HCL-A053"]
[Site "www.playchess.de"]
[Date "2001.01.28"]
[Round "15"]
[White "Deepecho"]
[Black "Lovec"]
[WhiteElo "1800"]
[BlackElo "1700"]
[PlyCount "22"]
[Result "0-1"]

1.e4 c5 2.Nf3 d6 3.d4 Nf6 4.Bb5+ Bd7 5.Bxd7+ Qxd7 
6.Qe2 cxd4 7.Nxd4 Nc6 8.Nxc6 Qxc6 9.Nc3 e6 10.O-O 
Be7 11.Bf4 O-O 0-1

[Event "HCL-A062"]
[Site "www.playchess.de"]
[Date "2001.01.28"]
[Round "4"]
[White "peze3"]
[Black "Savage"]
[WhiteElo "2168"]
[BlackElo "1484"]
[PlyCount "57"]
[Result "1-0"]

1.c4 Nf6 2.Nc3 g6 3.Nf3 Bg7 4.e4 d6 5.d4 O-O 6.Be2 
Nbd7 7.O-O e5 8.Be3 c6 9.d5 c5 10.Ne1 Ne8 11.Nd3 
f5 12.exf5 gxf5 13.f4 b6 14.Qe1 Ba6 15.Qg3 Bxc4 
16.Nxc5 Nxc5 17.Bxc4 e4 18.b4 Nd7 19.Rac1 Rc8 
20.Ba6 Rc7 21.Nb5 Rxc1 22.Rxc1 Kh8 23.Nd4 Bxd4 
24.Bxd4+ Ndf6 25.Qg5 Rg8 26.Qxf5 Qe7 27.Bb5 Qg7 
28.g3 h5 29.Bxe8 1-0

[Event "HCL-B061"]
[Site "www.playchess.de"]
[Date "2001.01.28"]
[Round "4"]
[White "BVLGARI"]
[Black "jaa"]
[WhiteElo "1200"]
[BlackElo "1500"]
[PlyCount "38"]
[Result "0-1"]

1.e4 e5 2.Bc4 Nf6 3.Nc3 Bc5 4.Nh3 c6 5.O-O d5 
6.exd5 Bxh3 7.Qf3 Bd7 8.Qg3 O-O 9.d3 Re8 10.Ne4 
Nxe4 11.dxe4 b5 12.Bb3 a5 13.d6 Bxd6 14.Bh6 Qf6 
15.Bg5 Qg6 16.Rad1 Be7 17.h4 Bxg5 18.hxg5 Qxe4 
19.Rde1 Qf5 0-1

[Event "HCL-B100"]
[Site "www.playchess.de"]
[Date "2001.01.28"]
[Round "2"]
[White "aman"]
[Black "Drugo_Izdanje"]
[WhiteElo "1801"]
[BlackElo "1500"]
[PlyCount "26"]
[Result "0-1"]

1.d4 Nf6 2.e3 g6 3.f4 Bg7 4.Bd3 O-O 5.Nf3 c5 6.O-O 
d6 7.c3 Nc6 8.Qe1 a6 9.Nh4 b5 10.Kh1 c4 11.Bc2 d5 
12.Nd2 Bd7 13.f5 e5 0-1

[Event "HCL-B100"]
[Site "www.playchess.de"]
[Date "2001.01.28"]
[Round "3"]
[White "Rengar"]
[Black "aman"]
[WhiteElo "1035"]
[BlackElo "1801"]
[PlyCount "27"]
[Result "1-0"]

1.d4 Nf6 2.c4 c5 3.d5 b5 4.cxb5 a6 5.Nc3 axb5 6.e3 
b4 7.Nce2 Ba6 8.g3 d6 9.Bg2 g6 10.Nf3 Bg7 11.O-O 
Bxe2 12.Qxe2 Nxd5 13.Nd2 e6 14.Qd3 1-0

[Event "HCL-B101"]
[Site "www.playchess.de"]
[Date "2001.01.28"]
[Round "13"]
[White "lostpawn2000"]
[Black "King_Safety"]
[WhiteElo "1704"]
[BlackElo "1295"]
[PlyCount "90"]
[Result "0-1"]

1.d4 d5 2.c4 c6 3.cxd5 cxd5 4.Nc3 Nf6 5.Bf4 Nc6 
6.e3 a6 7.Bd3 Bg4 8.Nge2 Bxe2 9.Qxe2 e6 10.a3 Bd6 
11.Bxd6 Qxd6 12.O-O O-O 13.b4 Rfc8 14.Rac1 e5 
15.Qc2 exd4 16.exd4 Nxd4 17.Qb2 Ng4 18.g3 Nf3+ 
19.Kg2 Nfxh2 20.Rfe1 Rce8 21.Qc2 d4 22.Ne4 Qh6 
23.Nd6 Qxd6 24.Bxh7+ Kf8 25.Be4 Qd7 26.Qc5+ Kg8 
27.f3 Rac8 28.Qf5 Nf6 29.Kxh2 Qxf5 30.Bxf5 Rxc1 
31.Rxc1 g6 32.Bh3 Re3 33.Rd1 Rxf3 34.Rxd4 Rxa3 
35.g4 Ra2+ 36.Kg3 Ra4 37.g5 Nh5+ 38.Kf2 a5 39.Bc8 
b6 40.Rd8+ Kg7 41.b5 Rb4 42.Ba6 a4 43.Ra8 a3 
44.Bc8 Rb2+ 45.Ke1 a2 0-1

[Event "HCL-B101"]
[Site "www.playchess.de"]
[Date "2001.01.28"]
[Round "14"]
[White "King_Safety"]
[Black "wiseguy"]
[WhiteElo "1295"]
[BlackElo "1964"]
[PlyCount "78"]
[Result "0-1"]

1.d4 Nf6 2.Nf3 e6 3.Bf4 c5 4.c3 Nc6 5.e3 Qb6 6.Qb3 
Qxb3 7.axb3 d5 8.Nbd2 Nh5 9.Be5 Nxe5 10.Nxe5 Bd6 
11.Be2 Nf6 12.Bb5+ Ke7 13.O-O Nd7 14.Ndf3 Nxe5 
15.dxe5 Bc7 16.b4 cxb4 17.cxb4 Bd7 18.Nd4 Bxe5 
19.Bd3 Rhc8 20.Bxh7 Rch8 21.Nf3 Bxb2 22.Rab1 Bb5 
23.Rfd1 Be2 24.Rd2 Bxf3 25.gxf3 Be5 26.f4 Bxf4 
27.exf4 Rxh7 28.Rc2 Rah8 29.Rc7+ Kd6 30.Rxf7 g6 
31.Rf6 R7xh2 32.Rb2 R2h1+ 33.Kg2 R1h2+ 34.Kf3 
R2h3+ 35.Kg4 Ke7 36.Rxg6 R8h4+ 37.Kg5 R4h5+ 38.Kg4 
Kf7 39.Rg5 R5h4+ 0-1

[Event "HCL-B103"]
[Site "www.playchess.de"]
[Date "2001.01.28"]
[Round "4"]
[White "pdqbach"]
[Black "johnk"]
[WhiteElo "1307"]
[BlackElo "1500"]
[PlyCount "94"]
[Result "1/2-1/2"]

1.e4 e5 2.Nf3 Nf6 3.Nc3 d5 4.exd5 Nxd5 5.Nxd5 Qxd5 
6.Be2 Bd6 7.O-O Nc6 8.b3 Bg4 9.c4 Qe6 10.Ng5 Bxe2 
11.Nxe6 Bxd1 12.Nxg7+ Kd7 13.Rxd1 Rhg8 14.Nf5 Rg6 
15.d4 Nxd4 16.Nxd4 exd4 17.Rxd4 c6 18.Bf4 c5 
19.Rxd6+ Rxd6 20.Bxd6 Kxd6 21.Rd1+ Kc6 22.f4 Re8 
23.Kf2 Re7 24.g4 Kb6 25.h4 Ka5 26.Kf3 Kb4 27.Rd2 
Kc3 28.Rg2 Kd3 29.g5 Re1 30.Kg4 Re4 31.Kf5 Re6 
32.h5 Ke3 33.g6 hxg6+ 34.hxg6 Rxg6 35.Rh2 Ra6 
36.Ke5 f6+ 37.Kf5 Kd4 38.Kg6 Ke4 39.f5 Kf3 40.Rd2 
Ke4 41.Rd7 Rxa2 42.Rxb7 Rf2 43.Rxa7 Rxf5 44.Ra5 
Rf3 45.Rxc5 Rxb3 46.Kxf6 Kd4 47.Rc8 
Rc3 1/2-1/2

[Event "HCL-B111"]
[Site "www.playchess.de"]
[Date "2001.01.28"]
[Round "21"]
[White "AD"]
[Black "Gorodish"]
[WhiteElo "1801"]
[BlackElo "1747"]
[PlyCount "106"]
[Result "1/2-1/2"]

1.e4 g6 2.d3 Bg7 3.c3 c5 4.Be3 Qc7 5.Nd2 Nc6 
6.Bxc5 d6 7.Be3 Nf6 8.h3 O-O 9.d4 a6 10.h4 Ng4 
11.Qe2 b5 12.f3 Nxe3 13.Qxe3 f5 14.Nh3 e5 15.dxe5 
dxe5 16.a4 f4 17.Qc5 bxa4 18.Bc4+ Kh8 19.Ng5 Rb8 
20.Nf7+ Rxf7 21.Bxf7 Rb5 22.Qc4 Rxb2 23.Bd5 Bb7 
24.Rxa4 Qb6 25.Qd3 h5 26.Nc4 Qf2+ 27.Kd1 Qxg2 
28.Nxb2 Qxh1+ 29.Kc2 Qxh4 30.Bxc6 Bxc6 31.Rxa6 
Qf2+ 32.Kb3 Qc5 33.Qc4 Qb5+ 34.Qxb5 Bxb5 35.Rxg6 
Be2 36.Nc4 Bxf3 37.Nd2 Bg4 38.c4 Kg8 39.c5 Kf7 
40.Ra6 h4 41.c6 h3 42.Nf1 Ke7 43.Ra7+ Kf6 44.Ra8 
f3 45.Nh2 Be6+ 46.Kb4 f2 47.c7 Kf7 48.c8Q {%NOTE%} 
 Bxc8 {What mean you? %note% ?}  49.Rxc8 {I did 
not write that!!}  Bh6 {oh, the server has an life 
... :-), well, some moves and I will resign ... 
very special game ...}  50.Rc6 Bf4 51.Nf1 h2 
52.Nxh2 Bxh2 53.Rc1 Bf4 1/2-1/2

[Event "HCL-B119"]
[Site "www.playchess.de"]
[Date "2001.01.28"]
[Round "4"]
[White "DepthCharge"]
[Black "millingen"]
[WhiteElo "1554"]
[BlackElo "1070"]
[PlyCount "39"]
[Result "1-0"]

1.e4 e5 2.Nf3 Nc6 3.Bc4 Nf6 4.Nc3 Nxe4 5.Bxf7+ 
Kxf7 6.Nxe4 Be7 7.c4 Rf8 8.d3 Kg8 9.h4 d5 10.cxd5 
Nb4 11.Bg5 Nxd5 12.Nxe5 c6 13.a3 Qb6 14.Bxe7 Nxe7 
15.Nc4 Qd4 16.Qe2 Ng6 17.g3 Be6 18.Rd1 Rae8 19.Qe3 
Qd5 20.Ncd6 1-0

[Event "HCL-B128"]
[Site "www.playchess.de"]
[Date "2001.01.28"]
[Round "5"]
[White "quant"]
[Black "Yogibear"]
[WhiteElo "1200"]
[BlackElo "1866"]
[PlyCount "32"]
[Result "0-1"]

1.e4 c6 2.d4 d5 3.Nd2 dxe4 4.Nxe4 Nd7 5.Nf3 Ngf6 
6.Neg5 h6 7.Ne6 fxe6 8.Bd3 Qa5+ 9.Bd2 Qh5 10.g4 
Nxg4 11.Rg1 e5 12.h3 Nxf2 13.Kxf2 g5 14.dxe5 Bg7 
15.Qe2 Rf8 16.Rg3 Bxe5 0-1

[Event "HCL-B131"]
[Site "www.playchess.de"]
[Date "2001.01.28"]
[Round "10"]
[White "yar75028"]
[Black "PieceSeeker"]
[WhiteElo "1500"]
[BlackElo "1396"]
[PlyCount "71"]
[Result "1-0"]

1.b4 e6 2.Bb2 Nf6 3.a3 d5 4.d4 a5 5.b5 c6 6.e3 Ne4 
7.Nf3 a4 8.Nbd2 Qa5 9.bxc6 Nxc6 10.c4 Nd6 11.cxd5 
exd5 12.Rc1 Ne4 13.Be2 Bd7 14.O-O Nxd2 15.Nxd2 b5 
16.Bf3 b4 17.axb4 Bxb4 18.Rc2 O-O 19.e4 a3 20.exd5 
axb2 21.dxc6 Bf5 22.Rxb2 Bc3 23.Nb3 Qa3 24.Re2 
Rab8 25.Bd5 Be6 26.Bxe6 fxe6 27.Nc5 Qa1 28.Qxa1 
Bxa1 29.Rxa1 Kf7 30.Nd7 Rba8 31.Rb1 Rfc8 32.g3 Ra5 
33.Rb7 Ke8 34.Rxe6+ Kd8 35.Nb6 Rc7 
36.Rb8+ 1-0

[Event "HCL-B137"]
[Site "www.playchess.de"]
[Date "2001.01.28"]
[Round "20"]
[White "BerndS"]
[Black "jabbaman"]
[WhiteElo "1798"]
[BlackElo "1293"]
[PlyCount "57"]
[Result "1-0"]

1.d4 g6 2.c4 Bg7 3.Nc3 d6 4.e4 Nf6 5.f3 O-O 6.Be3 
Nbd7 7.Qd2 c5 8.Nge2 b6 9.d5 Ne5 10.Nc1 Ba6 11.b3 
Qd7 12.Be2 Rab8 13.h3 h5 14.f4 Neg4 15.hxg4 Nxg4 
16.Rb1 Nxe3 17.Qxe3 f5 18.e5 dxe5 19.fxe5 e6 20.d6 
Bb7 {welcome back!!}  21.Bf3 {Finally :)}  f4 
22.Qe2 Rf5 23.Nd3 Bxf3 24.gxf3 Kf7 25.Kd2 Rh8 
26.Rbg1 h4 27.Qg2 Rh6 {shit creek - no paddle!}  
28.Ne4 Bxe5 29.Rxh4 1-0

[Event "HCL-C118"]
[Site "www.playchess.de"]
[Date "2001.01.28"]
[Round "9"]
[White "janus"]
[Black "dcscott"]
[WhiteElo "1000"]
[BlackElo "1000"]
[PlyCount "45"]
[Result "1-0"]

1.e4 c5 2.Nf3 d6 3.d4 cxd4 4.Nxd4 Nf6 5.Nc3 Nc6 
6.Bg5 e6 7.Bb5 Bd7 8.Ba4 Be7 9.Ndb5 O-O 10.Nxd6 
Bxd6 11.Qxd6 h6 12.Bxf6 gxf6 13.O-O-O Qc8 14.Qxd7 
Qxd7 15.Rxd7 Na5 16.Rhd1 e5 17.b4 Nc4 18.Bb3 Rac8 
19.Nd5 Rfe8 20.Nxf6+ Kg7 21.Nxe8+ Rxe8 22.Bxc4 a6 
23.Rxf7+ 1-0

[Event "HCL-C120"]
[Site "www.playchess.de"]
[Date "2001.01.28"]
[Round "25"]
[White "monching"]
[Black "DrNickRiviera"]
[WhiteElo "1000"]
[BlackElo "1000"]
[PlyCount "73"]
[Result "1-0"]

1.e4 Nf6 2.e5 Ng4 3.Qxg4 h5 4.Qd1 d6 5.exd6 cxd6 
6.Be2 g6 7.d4 Bh6 8.Bxh6 Rxh6 9.Nf3 Bf5 10.Nc3 Nc6 
11.O-O Nb4 12.Bb5+ Kf8 13.Bd3 h4 14.Bxf5 gxf5 
15.Qd2 Rg6 16.Nxh4 Re6 17.Nxf5 Qa5 18.Qg5 Rg6 
19.Qxe7+ Kg8 20.Nxd6 Rf8 21.Nce4 Nc6 22.Nf6+ Kg7 
23.Nde8+ Rxe8 24.Nxe8+ Kh7 25.Qxf7+ Kh6 26.Qf8+ 
Kg5 27.f4+ Kg4 28.Nf6+ Kh4 29.g3+ Rxg3+ 30.hxg3+ 
Kxg3 31.Qg7+ Kh4 32.Qh6+ Kg3 33.Ne4+ Kg4 34.Qg6+ 
Kh4 35.b4 Qa3 36.Qg5+ Kh3 37.Nf2+ {good game} 
 1-0

[Event "HCL-C142"]
[Site "www.playchess.de"]
[Date "2001.01.28"]
[Round "29"]
[White "lulu"]
[Black "sonnyspock"]
[WhiteElo "1297"]
[BlackElo "1202"]
[PlyCount "40"]
[Result "1-0"]

1.d4 e6 2.e4 d5 3.e5 c5 4.c3 Nc6 5.Bb5 Bd7 6.Ne2 
Qb6 7.Bxc6 bxc6 8.O-O cxd4 9.cxd4 c5 10.dxc5 Bxc5 
11.b3 Ne7 12.Nbc3 O-O 13.a4 Nf5 14.Ba3 Bxa3 
15.Rxa3 Qb4 16.Ra1 d4 17.Rc1 Rxc1 18.Ne4 Bc6 
19.Nxc1 Qc3 20.Nd3 Nxc3 1-0

[Event "HCL-M002"]
[Site "www.playchess.de"]
[Date "2001.01.28"]
[Round "6"]
[White "chesswiz"]
[Black "Sebastian"]
[WhiteElo "2400"]
[BlackElo "2200"]
[PlyCount "55"]
[Result "1-0"]

1.e4 Nf6 2.d3 g5 3.Bxg5 Bg7 4.Nc3 O-O 5.Qd2 c5 
6.O-O-O d6 7.f4 Bg4 8.Be2 Bh5 9.Bxf6 exf6 10.g4 
Bg6 11.f5 Bxf5 12.gxf5 Nc6 13.Nf3 Na5 14.Rhg1 Kh8 
15.Rg3 Nc6 16.Rdg1 Rg8 17.Nd5 Qa5 18.Qxa5 Nxa5 
19.c4 Bh6+ 20.Kc2 b5 21.b3 b4 22.Nxf6 Rg7 23.h4 d5 
24.cxd5 Rc8 25.Ng5 Rf8 26.e5 Re8 27.Nxf7+ Rxf7 
28.R3g8+ 1-0

[Event "HCL-M002"]
[Site "www.playchess.de"]
[Date "2001.01.28"]
[Round "7"]
[White "rayschutt"]
[Black "Sysel"]
[WhiteElo "2200"]
[BlackElo "2200"]
[PlyCount "47"]
[Result "1-0"]

1.c4 Nf6 2.Nc3 g6 3.e4 d6 4.d4 Bg7 5.Bd3 O-O 
6.Nge2 e5 7.d5 a5 8.O-O Na6 9.f3 Nc5 10.Bc2 Nh5 
11.Be3 b6 12.a3 f5 13.b4 axb4 14.axb4 Rxa1 15.Qxa1 
Nd7 16.exf5 gxf5 17.Qb1 Ndf6 18.Bxf5 Bxf5 19.Qxf5 
Kh8 20.Qe6 Nd7 21.Bd2 Nf4 22.Nxf4 exf4 23.Qe4 Qg5 
24.Nb5 1-0

[Event "HCL-M002"]
[Site "www.playchess.de"]
[Date "2001.01.28"]
[Round "13"]
[White "chesswiz"]
[Black "dpschreber"]
[WhiteElo "2400"]
[BlackElo "2200"]
[PlyCount "33"]
[Result "1-0"]

1.e4 e5 2.Nc3 Nf6 3.Bc4 Nc6 4.f4 Nxe4 5.Nf3 Nxc3 
6.dxc3 Qe7 7.Qd5 d6 8.O-O Be6 9.Qb5 O-O-O 10.Be3 
d5 11.Be2 Bd7 12.Rae1 e4 13.Nd2 Be8 14.Qa4 h5 
15.b4 d4 16.b5 dxe3 17.Nc4 1-0

[Event "HCL-M002"]
[Site "www.playchess.de"]
[Date "2001.01.28"]
[Round "21"]
[White "dpschreber"]
[Black "Bronislaw"]
[WhiteElo "2200"]
[BlackElo "2334"]
[PlyCount "24"]
[Result "0-1"]

1.e4 c5 2.Nf3 d6 3.d4 cxd4 4.Nxd4 Nf6 5.Nc3 g6 
6.Be3 Bg7 7.f3 Nc6 8.Qd2 O-O 9.O-O-O Nxd4 10.Bxd4 
Be6 11.Nd5 Bxd5 12.exd5 Qc7 0-1

[Event "ACL-A053"]
[Site "www.playchess.de"]
[Date "2001.01.28"]
[Round "18"]
[White "peze3"]
[Black "Smutje"]
[WhiteElo "1500"]
[BlackElo "1500"]
[PlyCount "67"]
[Result "1-0"]

1.e4 a5 2.d4 a4 3.c4 Ra6 4.Nc3 Nf6 5.e5 Re6 6.Nf3 
Rb6 7.exf6 Re6+ 8.Be2 gxf6 9.Qxa4 Na6 10.b4 c6 
11.O-O Rg8 12.Bd3 Rg7 13.Bh6 Rg6 14.Bxg6 fxg6 
15.Bf4 g5 16.Bg3 g4 17.Nh4 Bh6 18.Qc2 Bg5 19.Qxh7 
d6 20.Rae1 Nxb4 21.Qg8+ Kd7 22.Qxe6+ Kc7 23.Qf7 f5 
24.Nxf5 Kb8 25.Nxe7 Bd7 26.Bxd6+ Ka7 27.Bxb4 g3 
28.Re5 Bd2 29.Ra5+ Kb6 30.Ncd5+ {Matt in 4}  cxd5 
31.Nxd5+ Kc6 {sehe ich auch so-leider}  32.Qg6+ 
Be6 33.Qxe6+ Qd6 {das wars wohl!}  
34.Qxd6+ 1-0

[Event "ACL-A056"]
[Site "www.playchess.de"]
[Date "2001.01.28"]
[Round "21"]
[White "Goofy"]
[Black "Pietros"]
[WhiteElo "1752"]
[BlackElo "1393"]
[PlyCount "71"]
[Result "1-0"]

1.d4 d5 2.Nf3 Nf6 3.c4 dxc4 4.Nc3 Bd7 5.a4 e6 
6.Bg5 Bb4 7.e4 h6 8.Bxf6 Qxf6 9.Bxc4 O-O 10.O-O 
Nc6 11.d5 exd5 12.Nxd5 Qg6 13.Nxb4 Bh3 14.Nh4 Qxe4 
15.Nxc6 bxc6 16.gxh3 Qxh4 17.Qg4 Qf6 18.b3 Rad8 
19.Rad1 c5 20.Rd5 Rxd5 21.Bxd5 Rd8 22.Rd1 c6 
23.Bc4 Kh7 24.Rxd8 Qxd8 25.Qf5+ Kh8 26.Bxf7 Qf8 
27.Qg6 Qe7 28.Bc4 a5 29.Bd3 Kg8 30.h4 c4 31.Bxc4+ 
Kf8 32.Qf5+ Ke8 33.Qc8+ Qd8 34.Qxc6+ Qd7 35.Qxd7+ 
Kxd7 36.Kg2 1-0